000 00270nam a2200109Ia 4500
008 190216s9999||||xx |||||||||||||| ||und||
100 _aMurthy C S V
245 0 _aManagement Information Systems
260 _bHimalaya Publishing House
_c2002
300 _a394p
942 _cBK
999 _c6297
_d6297